Salsbury manual of poultry diseases

Enregistré dans:
Détails bibliographiques
Format: Livre
Langue:Undetermined
Publié: [Charles City, Iowa]: Salsbury Laboratories [1982?]
Sujets:
Tags: Ajouter un tag
Pas de tags, Soyez le premier à ajouter un tag!
Thư viện lưu trữ: Trung tâm Học liệu Trường Đại học Cần Thơ
LEADER 00488nam a2200169Ia 4500
001 CTU_126561
008 210402s9999 xx 000 0 und d
082 |a 636.5089 
082 |b S175 
245 0 |a Salsbury manual of poultry diseases 
260 |a [Charles City, Iowa]: 
260 |b Salsbury Laboratories 
260 |c [1982?] 
650 |a Poultry,Veterinary medicine 
650 |x Diseases 
904 |i M.Loan, Huỳnh Mai 
980 |a Trung tâm Học liệu Trường Đại học Cần Thơ